| 000 | 00670nam a2200217 4500 | ||
|---|---|---|---|
| 003 | OSt | ||
| 005 | 20240726072420.0 | ||
| 006 | a | ||
| 008 | 240726b |||||||| |||| 00| 0 eng d | ||
| 020 | _a9780071220927 | ||
| 040 |
_aDWCL-Main lib. _cOC |
||
| 082 |
_2Fourth edition _aCirc. 658 J77e 2011 |
||
| 100 | _aGeorge, Jennifer M. | ||
| 245 | _aEssentials of contemporary management / | ||
| 250 | _aFourth edition | ||
| 260 |
_aN.Y. : _bMcGraw-Hill/Irwin, _cc2011. |
||
| 300 |
_axli, _b548 p. : ill. (some col.) ; _c26 cm. |
||
| 504 | _aIncludes bibliographical references & indexes. | ||
| 650 | _a1. Management. | ||
| 942 |
_2ddc _n0 _cBK-CIRC _eFourth edition _kCirc. |
||
| 999 |
_c2823 _d2823 |
||